Integrated treatment for dual disorders: a guide to effective practice (Record no. 3850)

MARC details
000 -LEADER
fixed length control field 00598nam a2200181Ia 4500
020 ## - INTERNATIONAL STANDARD BOOK NUMBER
ISBN 7.67651000500772E+018
082 ## - DEWEY DECIMAL CLASSIFICATION NUMBER
Classification number 616.8606 MUE-I
100 ## - MAIN ENTRY--AUTHOR NAME
Personal name Mueser, Kim T.
245 #0 - TITLE STATEMENT
Title Integrated treatment for dual disorders: a guide to effective practice
260 ## - PUBLICATION, DISTRIBUTION, ETC. (IMPRINT)
Place of publication New York
Name of publisher The Guilford Press
Year of publication 2003
300 ## - PHYSICAL DESCRIPTION
Number of Pages xxiv, 470
440 ## - SERIES STATEMENT/ADDED ENTRY--TITLE
Title Treatment Manuals for Practitioners
504 ## - BIBLIOGRAPHY, ETC. NOTE
Bibliography, etc Includes index
650 ## - SUBJECT ADDED ENTRY--TOPICAL TERM
Topical Term Dual diognosis - Treatment - Handbooks, manuals etc.
650 ## - SUBJECT ADDED ENTRY--TOPICAL TERM
Topical Term Mental illness - Treatment - Handbooks, manuals etc.
700 ## - ADDED ENTRY--PERSONAL NAME
Personal name Kim T. Mueser...[et al.]
942 ## - ADDED ENTRY ELEMENTS (KOHA)
Koha item type Books
Holdings
Withdrawn status Lost status Damaged status Not for loan Home library Current library Date acquired Source of acquisition Bill Date Full call number Accession Number Price effective from Koha item type
        NASSDOC Library NASSDOC Library 19/11/2004 SEGM 2004-10-25 616.8606 MUE-I 40221 18/04/2019 Books